The little mermaid
| Main Author: | |
|---|---|
| Other Authors: | |
| Format: | Book |
| Published: |
London :
Ladybird Books Ltd ,
20--?
|
| Series: | Read it yourself with Ladybird Level 4
|
| Subjects: |
MARC
| LEADER | 00000cam a2200000 7i4500 | ||
|---|---|---|---|
| 001 | 0000189236 | ||
| 005 | 20150901.0 | ||
| 020 | |a 9780723280712 | ||
| 090 | 0 | 0 | |a JF |b RAN |
| 100 | 1 | |a Randall, Ronne | |
| 245 | 0 | 4 | |a The little mermaid |c retold by Ronne Randall ; illustrated by Milly Teggle |
| 260 | |a London : |b Ladybird Books Ltd , |c 20--? | ||
| 300 | |a 47p. : |b ill. ; |c 18cm. | ||
| 490 | 0 | |a Read it yourself with Ladybird Level 4 | |
| 500 | |a Play & Learn Library | ||
| 650 | 0 | 0 | |a Children's stories |
| 700 | 1 | |a Teggle, Milly | |
| 999 | |a 00310617 |b BUKU |c PINJAMAN |e PERPUSTAKAAN KOMUNITI PETALING JAYA | ||